[Event "RUS-ch Men Rapid 2019"]
[Site "Sochi"]
[Date "2019.10.15"]
[Round "5.11"]
[White "Rozum, Ivan"]
[Black "Gaydym, Arseniy"]
[Result "1-0"]
[WhiteElo "2551"]
[BlackElo "2139"]
[Annotator "RC"]
[PlyCount "127"]
[EventDate "2019.10.15"]
[EventType "swiss"]
[EventCountry "RUS"]
[SourceTitle "playchess.com"]
[Source "ChessBase"]
[SourceQuality "1"]
[TimeControl "900+10"]

1. c4 {[%emt 0:00:18]} c6 {[%emt 0:00:00]} 2. Nf3 {[%emt 0:00:05]} d5 {[%emt 0:00:00]} 3. g3 {[%emt 0:00:02]} Nf6 {[%emt 0:00:02]} 4. Bg2 {[%emt 0:00:01]} g6 {[%emt 0:00:03]} 5. b3 {[%emt 0:00:02]} Bg7 {[%emt 0:00:01]} 6. Bb2 {[%emt 0:00:01]} O-O {[%emt 0:00:04]} 7. O-O {[%emt 0:00:03]} Bf5 {[%emt 0:00:16]} 8. d3 {[%emt 0:00:07]} Qc8 {[%emt 0:00:12]} 9. Nbd2 {[%emt 0:00:25]} Bh3 {[%emt 0:00:12]} 10. Qc2 {[%emt 0:00:01]} Bxg2 {[%emt 0:00:04]} 11. Kxg2 {[%emt 0:00:02]} Nbd7 {[%emt 0:01:30]} 12. e4 {[%emt 0:00:04]} dxe4 {[%emt 0:00:49]} 13. dxe4 {[%emt 0:00:01]} Qc7 {[%emt 0:01:19]} 14. Rfe1 {[%emt 0:01:27]} e5 {[%emt 0:00:37]} 15. c5 {[%emt 0:00:04]} Nh5 {[%emt 0:01:30]} 16. Nc4 {[%emt 0:01:49]} Nxc5 {[%emt 0:01:33]} 17. Bxe5 {[%emt 0:00:07]} Bxe5 {[%emt 0:00:28]} 18. Ncxe5 {[%emt 0:00:01]} Ne6 {[%emt 0:00:13]} 19. Qc3 {[%emt 0:00:04]} Rad8 {[%emt 0:02:37]} 20. Ng4 {[%emt 0:00:07]} f6 {[%emt 0:00:01]} 21. h4 {[%emt 0:00:18]} Qd7 {[%emt 0:00:56]} 22. Nfh2 {[%emt 0:00:45]} Qd4 {[%emt 0:02:19]} 23. Qa5 {[%emt 0:01:18]} Kg7 {[%emt 0:01:36]} 24. Rac1 {[%emt 0:00:41]} a6 {[%emt 0:01:44]} 25. Nf3 {[%emt 0:00:58]} Qd3 {[%emt 0:00:01]} 26. Re3 {[%emt 0:00:14]} Qd7 {[%emt 0:00:15]} 27. Kg1 {[%emt 0:00:54]} Nd4 {[%emt 0:00:45]} 28. Ngh2 {[%emt 0:01:10]} Ne6 {[%emt 0:00:02]} 29. Qc3 {[%emt 0:00:13]} Nd4 {[%emt 0:00:17]} 30. Rce1 {[%emt 0:00:42]} Nxf3+ {[%emt 0:00:08]} 31. Nxf3 {[%emt 0:00:02]} Qe6 {[%emt 0:00:22]} 32. e5 {[%emt 0:00:06]} Kg8 {[%emt 0:00:08]} 33. Nd2 {[%emt 0:02:11]} Qd5 {[%emt 0:00:09]} 34. Nc4 {[%emt 0:00:23]} fxe5 {[%emt 0:00:13]} 35. Nxe5 {[%emt 0:01:03]} Qd2 {[%emt 0:00:05]} 36. Qc4+ {[%emt 0:00:07]} Qd5 {[%emt 0:00:03]} 37. Qg4 {[%emt 0:00:33]} Qd2 {[%emt 0:00:21]} 38. Qe6+ {[%emt 0:00:19]} Kg7 {[%emt 0:00:02]} 39. Qe7+ {[%emt 0:00:03]} Kg8 {[%emt 0:00:02]} 40. R3e2 {[%emt 0:00:04]} Qd5 {[%emt 0:00:18]} 41. Qxb7 {[%emt 0:00:18]} Rd6 {[%emt 0:00:19]} 42. Qxa6 {[%emt 0:00:26]} Re6 {[%emt 0:00:10]} 43. Qc4 {[%emt 0:00:12]} Nf6 {[%emt 0:00:08]} 44. Qxd5 {[%emt 0:00:39]} Nxd5 {[%emt 0:00:02]} 45. Nd3 {[%emt 0:00:17]} Ref6 {[%emt 0:00:22]} 46. f4 {[%emt 0:00:02]} Ra8 {[%emt 0:00:08]} 47. Re8+ {[%emt 0:00:03]} Rxe8 {[%emt 0:00:01]} 48. Rxe8+ {[%emt 0:00:01]} Kg7 {[%emt 0:00:10]} 49. Rc8 {[%emt 0:00:14]} Nc3 {[%emt 0:00:06]} 50. Rc7+ {[%emt 0:00:37]} Kg8 {[%emt 0:00:04]} 51. Ne5 {[%emt 0:00:32]} Nxa2 {[%emt 0:00:04]} 52. Rxc6 Rf8 {[%emt 0:00:03]} 53. Ra6 {[%emt 0:00:19]} Nb4 {[%emt 0:00:07]} 54. Rb6 {[%emt 0:00:01]} Nc2 {[%emt 0:00:02]} 55. Kf2 {[%emt 0:00:09]} Rd8 {[%emt 0:00:13]} 56. Nf3 {[%emt 0:00:09]} Ra8 {[%emt 0:00:07]} 57. Ng5 {[%emt 0:00:11]} Ra2 {[%emt 0:00:09]} 58. Rb8+ {[%emt 0:00:04]} Kg7 {[%emt 0:00:04]} 59. Rb7+ {[%emt 0:00:02]} Kg8 {[%emt 0:00:03]} 60. Nxh7 {[%emt 0:00:05]} Nd4+ {[%emt 0:00:28]} 61. Ke3 {[%emt 0:00:01]} Nf5+ {[%emt 0:00:01]} 62. Kf3 {[%emt 0:00:02]} Rc2 {[%emt 0:00:03]} 63. Nf6+ {[%emt 0:00:01]} Kf8 {[%emt 0:00:01]} 64. Ne4 {[%emt 0:00:06]} 1-0

[Event "RUS-ch Men Rapid 2019"]
[Site "Sochi"]
[Date "2019.10.15"]
[Round "5.12"]
[White "Derjabin, Ilja"]
[Black "Bocharov, Dmitry"]
[Result "0-1"]
[WhiteElo "2333"]
[BlackElo "2673"]
[Annotator "RC"]
[PlyCount "82"]
[EventDate "2019.10.15"]
[EventType "swiss"]
[EventCountry "RUS"]
[SourceTitle "playchess.com"]
[Source "ChessBase"]
[SourceQuality "1"]
[TimeControl "900+10"]

1. d4 {[%emt 0:00:00]} Nf6 {[%emt 0:00:00]} 2. c4 {[%emt 0:00:02]} e6 {[%emt 0:00:00]} 3. Nc3 {[%emt 0:00:03]} Bb4 {[%emt 0:00:03]} 4. f3 {[%emt 0:00:04]} O-O {[%emt 0:00:21]} 5. a3 {[%emt 0:00:01]} Bxc3+ {[%emt 0:00:04]} 6. bxc3 {[%emt 0:00:01]} Nh5 {[%emt 0:00:05]} 7. Nh3 {[%emt 0:00:04]} f5 {[%emt 0:00:05]} 8. Bg5 {[%emt 0:00:30]} Qe8 {[%emt 0:00:06]} 9. e3 {[%emt 0:00:07]} Nc6 {[%emt 0:00:53]} 10. Bd3 {[%emt 0:00:15]} d6 {[%emt 0:00:31]} 11. O-O {[%emt 0:00:28]} e5 {[%emt 0:00:11]} 12. Qc2 {[%emt 0:02:44]} h6 {[%emt 0:00:11]} 13. Bh4 {[%emt 0:00:03]} g5 {[%emt 0:00:03]} 14. Be1 {[%emt 0:01:06]} Ng7 {[%emt 0:02:26]} 15. Nf2 {[%emt 0:01:41]} b6 {[%emt 0:00:54]} 16. Bd2 {[%emt 0:01:16]} Ba6 {[%emt 0:00:25]} 17. g4 {[%emt 0:01:30]} Bc8 {[%emt 0:03:15]} 18. Rae1 {[%emt 0:01:42]} Bd7 {[%emt 0:01:15]} 19. Kh1 {[%emt 0:00:56]} Kh8 {[%emt 0:01:03]} 20. Rg1 {[%emt 0:01:46]} Ne7 {[%emt 0:01:40]} 21. Rg3 {[%emt 0:00:55]} Ng6 {[%emt 0:00:19]} 22. gxf5 {[%emt 0:00:48]} Bxf5 {[%emt 0:01:32]} 23. Ng4 {[%emt 0:00:12]} Bxd3 {[%emt 0:00:13]} 24. Qxd3 {[%emt 0:00:02]} Nh4 {[%emt 0:00:39]} 25. e4 {[%emt 0:00:32]} Qe6 {[%emt 0:00:49]} 26. Reg1 {[%emt 0:00:34]} Nh5 {[%emt 0:00:12]} 27. Rh3 {[%emt 0:00:02]} Nf4 {[%emt 0:00:09]} 28. Bxf4 {[%emt 0:00:03]} Rxf4 {[%emt 0:00:04]} 29. dxe5 {[%emt 0:00:27]} dxe5 {[%emt 0:00:01]} 30. Qd5 {[%emt 0:00:34]} Re8 {[%emt 0:00:04]} 31. Rd1 {[%emt 0:01:01]} Kg7 {[%emt 0:01:05]} 32. Qxe6 {[%emt 0:00:35]} Rxe6 {[%emt 0:00:03]} 33. Rd7+ {[%emt 0:00:08]} Rf7 {[%emt 0:00:42]} 34. Rd5 {[%emt 0:00:04]} Nxf3 {[%emt 0:00:15]} 35. Kg2 {[%emt 0:00:09]} Nh4+ 36. Kg1 Rf4 {[%emt 0:00:44]} 37. Nxe5 {[%emt 0:00:18]} Rxe4 {[%emt 0:00:21]} 38. Rd7+ {[%emt 0:00:21]} Kf6 {[%emt 0:00:13]} 39. Nd3 {[%emt 0:00:02]} Rxc4 {[%emt 0:00:11]} 40. Nb4 {[%emt 0:00:10]} Rce4 {[%emt 0:00:10]} 41. Nd5+ {[%emt 0:00:08]} Kg6 {[%emt 0:00:02]} 0-1

[Event "RUS-ch Men Rapid 2019"]
[Site "Sochi"]
[Date "2019.10.15"]
[Round "5.13"]
[White "Savitskiy, Sergey"]
[Black "Antipov, Mikhail Al."]
[Result "0-1"]
[WhiteElo "2407"]
[BlackElo "2658"]
[Annotator "RC"]
[PlyCount "140"]
[EventDate "2019.10.15"]
[EventType "swiss"]
[EventCountry "RUS"]
[SourceTitle "playchess.com"]
[Source "ChessBase"]
[SourceQuality "1"]
[TimeControl "900+10"]

1. e4 {[%emt 0:00:00]} c5 {[%emt 0:00:00]} 2. Nf3 {[%emt 0:00:00]} Nc6 {[%emt 0:00:00]} 3. Bb5 {[%emt 0:00:00]} d6 {[%emt 0:00:06]} 4. O-O {[%emt 0:00:21]} Bd7 {[%emt 0:00:02]} 5. c3 {[%emt 0:01:35]} a6 {[%emt 0:00:46]} 6. Ba4 {[%emt 0:00:01]} Nf6 {[%emt 0:00:02]} 7. Re1 {[%emt 0:00:01]} b5 {[%emt 0:00:01]} 8. Bc2 {[%emt 0:00:01]} e5 {[%emt 0:00:03]} 9. d3 {[%emt 0:00:25]} h6 {[%emt 0:00:48]} 10. Nbd2 {[%emt 0:00:03]} g6 {[%emt 0:00:56]} 11. Nf1 {[%emt 0:00:02]} Bg7 {[%emt 0:00:01]} 12. h3 {[%emt 0:00:20]} O-O {[%emt 0:00:09]} 13. Be3 {[%emt 0:00:04]} Re8 {[%emt 0:00:16]} 14. Ng3 {[%emt 0:00:58]} Rc8 {[%emt 0:00:29]} 15. Rc1 {[%emt 0:00:08]} Be6 {[%emt 0:03:20]} 16. a3 {[%emt 0:01:10]} Qe7 {[%emt 0:00:24]} 17. Qd2 {[%emt 0:00:40]} Qf8 {[%emt 0:00:52]} 18. d4 {[%emt 0:00:16]} Na5 19. d5 {[%emt 0:00:48]} Nc4 {[%emt 0:00:45]} 20. Qe2 Bd7 21. Bd3 {[%emt 0:00:43]} Nxe3 {[%emt 0:00:08]} 22. Qxe3 {[%emt 0:00:14]} h5 {[%emt 0:00:52]} 23. Ra1 {[%emt 0:00:14]} Rb8 {[%emt 0:01:00]} 24. Qe2 {[%emt 0:01:45]} Rec8 25. Bc2 {[%emt 0:00:07]} c4 {[%emt 0:00:39]} 26. Nf1 {[%emt 0:00:22]} Rc7 {[%emt 0:00:36]} 27. Ne3 {[%emt 0:00:10]} Qc8 {[%emt 0:00:01]} 28. Nd2 {[%emt 0:00:02]} Bh6 {[%emt 0:00:23]} 29. a4 {[%emt 0:00:38]} Qd8 {[%emt 0:01:34]} 30. axb5 {[%emt 0:00:16]} axb5 {[%emt 0:00:00]} 31. Bb1 {[%emt 0:00:24]} h4 {[%emt 0:00:40]} 32. Nf3 {[%emt 0:02:41]} Nh5 {[%emt 0:00:11]} 33. Qf1 {[%emt 0:00:13]} Nf4 {[%emt 0:01:05]} 34. Bc2 {[%emt 0:00:23]} Bf8 {[%emt 0:00:11]} 35. Ra2 {[%emt 0:00:52]} Qf6 36. Nd2 Be7 {[%emt 0:00:23]} 37. Rea1 {[%emt 0:00:14]} Bd8 38. Bd1 {[%emt 0:02:06]} Qg5 {[%emt 0:00:18]} 39. Kh1 {[%emt 0:01:25]} Rcb7 {[%emt 0:00:05]} 40. Ra8 {[%emt 0:00:10]} Bb6 {[%emt 0:00:10]} 41. Bg4 {[%emt 0:00:24]} f5 {[%emt 0:01:41]} 42. exf5 {[%emt 0:01:20]} gxf5 {[%emt 0:00:01]} 43. Ne4 {[%emt 0:00:03]} Qg6 {[%emt 0:00:03]} 44. Nxf5 {[%emt 0:00:10]} Bxf5 {[%emt 0:00:10]} 45. Bxf5 {[%emt 0:00:06]} Qxf5 {[%emt 0:00:01]} 46. Nxd6 {[%emt 0:00:02]} Qf8 {[%emt 0:00:07]} 47. Rxb8 {[%emt 0:00:18]} Rxb8 {[%emt 0:00:01]} 48. Ne4 {[%emt 0:00:06]} Qf5 {[%emt 0:01:37]} 49. Re1 {[%emt 0:00:35]} Rf8 {[%emt 0:00:09]} 50. d6 {[%emt 0:00:10]} Nd3 {[%emt 0:00:10]} 51. Re2 {[%emt 0:00:10]} Bxf2 {[%emt 0:01:14]} 52. d7 Bb6 {[%emt 0:00:01]} 53. Qxf5 {[%emt 0:00:20]} Rxf5 {[%emt 0:00:22]} 54. Kh2 {[%emt 0:00:09]} Rf7 {[%emt 0:00:03]} 55. Nd6 {[%emt 0:00:10]} Rxd7 {[%emt 0:00:10]} 56. Nxb5 Rf7 57. Nd6 {[%emt 0:00:20]} Rf1 {[%emt 0:00:25]} 58. g3 {[%emt 0:00:02]} hxg3+ {[%emt 0:00:42]} 59. Kxg3 {[%emt 0:00:03]} Rg1+ {[%emt 0:00:04]} 60. Kh2 Rg6 61. Nxc4 {[%emt 0:00:37]} Bg1+ {[%emt 0:00:11]} 62. Kh1 {[%emt 0:00:01]} Nf2+ {[%emt 0:00:01]} 63. Rxf2 {[%emt 0:00:01]} Bxf2 {[%emt 0:00:01]} 64. Nxe5 {[%emt 0:00:00]} Rg1+ {[%emt 0:00:04]} 65. Kh2 {[%emt 0:00:00]} Rb1 {[%emt 0:00:22]} 66. Nc4 Kf7 {[%emt 0:00:08]} 67. Kg2 {[%emt 0:00:06]} Bh4 {[%emt 0:00:01]} 68. Kf3 {[%emt 0:00:00]} Ke6 {[%emt 0:00:11]} 69. Ke4 {[%emt 0:00:02]} Bf6 {[%emt 0:00:07]} 70. Kd3 {[%emt 0:00:07]} Rh1 {[%emt 0:00:02] Kd4 Ke5+} 0-1

[Event "RUS-ch Men Rapid 2019"]
[Site "Sochi"]
[Date "2019.10.15"]
[Round "5.14"]
[White "Kokarev, Dmitry"]
[Black "Remizov, Yaroslav"]
[Result "1-0"]
[WhiteElo "2647"]
[BlackElo "2394"]
[Annotator "TA"]
[PlyCount "69"]
[EventDate "2019.10.15"]
[EventType "swiss"]
[EventCountry "RUS"]
[SourceTitle "playchess.com"]
[Source "ChessBase"]
[SourceQuality "1"]

{[%evp 10,69,56,48,62,54,51,49,59,54,56,5,4,14,37,-18,-11,-27,7,32,59,55,43,53,187,162,166,182,185,147,246,210,218,227,232,238,231,199,191,113,97,107,82,107,92,79,125,140,132,112,154,108,259,240,520,513,464,466,1338,1321,1054,1003]} 1. e4 c5 2. Nf3 e6 3. d4 cxd4 4. Nxd4 Qb6 5. Nb3 a6 6. Bd3 Nc6 {B42: Sicilian: Kan Variation: 5 Bd3} (6... Qc7 7. O-O Nf6 8. c4 d6 9. Nc3 Nbd7 10. Be3 b6 11. Rc1 Bb7 12. Qd2 Be7 13. Rfd1 O-O 14. f3 Rac8 15. Bf1 Rfe8 16. Qf2 Bd8 17. h3 {1-0 (48) Malakhov,V (2699)-Erdos,V (2621) Bol 2014}) 7. O-O Nf6 8. c4 Ne5 {White is slightly better.} 9. Nc3 Qc7 10. Bg5 $146 (10. Bf4 $14) ({Predecessor:} 10. f4 Nxd3 11. Qxd3 d6 12. Kh1 Be7 13. Be3 O-O 14. Nd4 Bd7 {½-½ (40) Belyakov,B (2486)-Pridorozhni,A (2565) Sochi 2017}) 10... Nfg4 $11 {( -> ...Nf3+!)} 11. Bf4 {Black must now prevent Qxg4!} h5 $1 12. Rc1 (12. g3 $14) 12... g5 13. Bxe5 Qxe5 {[%csl Gg4][%cal Re5h2]} 14. g3 Bd6 15. c5 Bc7 16. Nd2 d6 (16... Qf6 $14) 17. Na4 $18 {And now Nc4 would win.} d5 18. exd5 Qxd5 19. Be4 Qe5 (19... Qd4 $16 {was necessary.}) 20. Bg2 {aiming for Nc4.} O-O 21. Nc4 Qh8 22. Nab6 Rb8 23. Qd2 Qh6 24. h4 (24. Nd6 $18 Rd8 25. h3 (25. Nbxc8 Rbxc8 26. Bxb7 Rb8 $16)) 24... gxh4 $16 25. Qxh6 Nxh6 26. Nd6 $36 {[%mdl 2048] Keeping Black busy.} Bxb6 27. cxb6 Nf5 {[#]} 28. Nxf5 $1 ({Of course not} 28. Rxc8 $6 Rfxc8 29. Nxc8 Rxc8 $11) 28... exf5 29. gxh4 Be6 30. a4 Rfd8 $2 {[#]} (30... a5 $16 {was called for.} 31. Rfd1 Kg7) 31. Rfd1 $1 $18 a5 $2 (31... Rxd1+ 32. Rxd1 a5) 32. Rxd8+ {White is clearly winning.} Rxd8 33. Bxb7 Rd2 (33... Rb8 $142) 34. Bf3 Rxb2 35. b7 {Accuracy: White = 73%, Black = 34%.} 1-0

[Event "RUS-ch Men Rapid 2019"]
[Site "Sochi"]
[Date "2019.10.15"]
[Round "5.15"]
[White "Kovalchuk, Alexey"]
[Black "Grachev, Boris"]
[Result "0-1"]
[WhiteElo "2388"]
[BlackElo "2641"]
[Annotator "TA"]
[PlyCount "83"]
[EventDate "2019.10.15"]
[EventType "swiss"]
[EventCountry "RUS"]
[SourceTitle "playchess.com"]
[Source "ChessBase"]
[SourceQuality "1"]

{[%evp 12,83,20,20,16,18,8,8,14,11,21,0,0,-37,-32,-31,-29,-35,-33,-40,-32,-29,-24,-27,-6,-10,-18,-14,0,-85,-85,-84,-72,-106,-88,-125,-119,-109,-100,-139,-114,-114,-121,-158,-111,-113,-129,-156,-144,-272,-272,-351,-250,-253,-249,-297,-352,-310,-302,-700,-716,-704,-482,-708,-701,-602,-490,-770,-748,-766,-752,-29989,-29990,-29991]} 1. e4 c5 2. Nf3 e6 3. g3 Nc6 4. Bg2 Nf6 5. Qe2 d6 6. c3 Be7 7. O-O O-O {C00: French: Unusual White 2nd moves} 8. d4 d5 9. e5 Nd7 {The position is equal.} 10. Be3 b6 11. Rd1 a5 12. a3 $146 ({Predecessor:} 12. Ne1 Ba6 13. Qg4 Kh8 14. Nd2 Rc8 15. Ndf3 {1-0 (43) Petrov,M (2534)-D'Costa,L (2441) England 2011}) 12... Ba6 13. Qe1 a4 14. Nbd2 Na5 15. Bf1 Qc8 16. h4 Bxf1 17. Qxf1 Qa6 18. Qh3 cxd4 19. cxd4 Rfc8 (19... b5 {with more complications.} 20. Qg4 Kh8 21. Rab1 b4 22. Bg5 Bxg5 23. Qxg5 Nc6) 20. Qf1 (20. Qg4 $11) 20... Qxf1+ $17 21. Kxf1 b5 22. Rab1 Nb6 23. h5 b4 24. axb4 Bxb4 25. Ke2 Nbc4 26. Nxc4 Nxc4 27. Bd2 Nxd2 28. Nxd2 Rc2 29. Kd3 Rac8 30. g4 (30. Ke3 $17) 30... h6 $19 31. f4 Kf8 32. g5 Ke7 33. g6 fxg6 34. hxg6 h5 35. Ra1 $2 {[#]} (35. Ke3) 35... Rxb2 36. Rxa4 Rc3+ 37. Ke2 Rcc2 38. Ra7+ Ke8 {[%cal Rb4d2]} 39. Ra8+ (39. Rb7 $142 Rxd2+ 40. Rxd2 Rxd2+ 41. Ke3) 39... Kd7 40. Ra7+ Kc6 41. Rxg7 Bxd2 42. Re7 {Accuracy: White = 32%, Black = 79%.} 0-1

[Event "RUS-ch Men Rapid 2019"]
[Site "Sochi"]
[Date "2019.10.15"]
[Round "5.16"]
[White "Triapishko, Alexandr"]
[Black "Shubin, Kirill"]
[Result "1-0"]
[WhiteElo "2581"]
[BlackElo "2416"]
[Annotator "TA"]
[PlyCount "121"]
[EventDate "2019.10.15"]
[EventType "swiss"]
[EventCountry "RUS"]
[SourceTitle "playchess.com"]
[Source "ChessBase"]
[SourceQuality "1"]

{[%evp 9,121,8,12,18,22,5,6,9,29,17,25,14,12,3,18,11,23,18,12,6,22,0,18,0,9,0,0,0,0,0,9,13,1,0,27,17,60,25,62,5,57,60,108,113,113,114,110,108,134,142,245,230,229,229,481,486,507,526,500,485,458,274,361,221,194,115,160,95,117,41,176,136,158,87,100,0,130,124,510,502,573,570,534,329,299,283,746,641,752,54,94,0,627,299,274,142,6360,6332,12840,12840,12841,12841,12841,12842,12842,12843,12844,12844,12846,12847,12848,12849,12849,12850]} 1. e4 e6 2. d4 d5 3. Bd3 c5 4. exd5 exd5 5. Nf3 c4 (5... Nf6 6. O-O c4 7. Re1+ Be7 8. Be2 O-O 9. b3 cxb3 10. axb3 Nc6 11. c3 Re8 12. Nbd2 Bd6 13. Bd3 Bg4 14. Rxe8+ Qxe8 {0-1 (52) Fontaine,R (2563)-Carlsen,M (2834) chess.com INT 2018}) 6. Be2 {C01: French: Exchange Variation} Nf6 7. b3 cxb3 8. axb3 {The position is equal.} Be7 9. O-O O-O 10. Bf4 Nc6 11. Ne5 Bf5 $146 ({Predecessor:} 11... Qb6 12. Nxc6 Qxc6 13. c4 Be6 14. c5 {½-½ (14) Armbruester,J (1928)-Hanisch,F (2083) Binz 2018}) 12. Nxc6 bxc6 13. Nc3 Bb4 14. Na2 Bd6 15. Bg3 Re8 16. Bd3 Bg6 17. Nc3 Bb4 18. Na4 Ne4 19. Bxe4 dxe4 20. c3 Bf8 21. Qe2 h5 22. h3 h4 23. Bh2 Bf5 24. Rad1 (24. Bf4 $14) 24... g6 (24... Qg5 $11) 25. Qe3 $14 Kh7 26. Bf4 $1 f6 27. d5 cxd5 28. c4 $1 Be6 29. cxd5 $1 Bf5 (29... Bd7 $16) 30. d6 $18 g5 31. Bh2 $1 Bh6 $2 {[#]} (31... Bd7 32. Nc5 Bg7) 32. d7 $1 {[%mdl 512]} Rg8 (32... Bxd7 33. Nc5) 33. Rd5 Bg6 34. Qc5 Bf8 35. Qc7 (35. Qc6 $142 {Hoping for Bc7.} Ba3 36. Bd6 Bxd6 37. Rxd6) 35... Be7 36. Qxd8 Bxd8 37. Nc5 (37. Rc1 $18) 37... Bf7 38. Rdd1 (38. Rd4 $142) 38... f5 39. b4 (39. Be5 $16) 39... g4 ({Black should play} 39... a5 $14) 40. hxg4 Rxg4 41. Kh1 (41. Be5 $142 $1) 41... Rg8 $16 42. f3 (42. Be5 $16) 42... Bh5 (42... h3 $11 43. gxh3 Bc4) 43. Rd5 $36 {[%mdl 2048] White is on the roll.} h3 $2 {[%mdl 8192] [#]} (43... exf3 $16 {is a better chance.} 44. gxf3 a5) 44. g4 $1 $18 {[%mdl 512]} Bg6 (44... fxg4 45. Rxh5+) 45. gxf5 Bf7 46. fxe4 Bxd5 47. exd5 {aiming for Be5.} Bb6 $2 (47... Kg7 48. Ne4 Kf7) 48. f6 Kg6 49. Bd6 $2 ({Better is} 49. f7 $18) 49... Kf7 $14 50. Be7 (50. Nd3 $16 {[%cal Rd3e5]} Rg5 51. Ne5+ Rxe5 52. Bxe5) 50... a5 $2 {[%mdl 8192]} (50... h2 $11) 51. Ne4 (51. Nb7 $142) 51... Bc7 $18 {[#]} 52. bxa5 (52. d8=R $1 $18 {[%mdl 512]} Raxd8 53. Bxd8 Bxd8 54. Nd6+ Kg6 55. f7) 52... Rxa5 $2 {[%mdl 8192] [#]} (52... Rg2 $16) 53. d8=Q $1 {[%mdl 576] Deflection. White is clearly winning.} Rxd8 (53... Bxd8 54. Nd6+) 54. Bxd8 Bxd8 {[%mdl 4096] Endgame [#] KRB-KRN} 55. Ng5+ $1 {[%mdl 64] Double Attack} Kg6 56. f7 Be7 57. Ne6 Kh6 58. Rd1 Ra8 59. d6 Kg6 60. dxe7 Kxf7 61. Nc7 {Accuracy: White = 48%, Black = 26%.} 1-0

[Event "RUS-ch Men Rapid 2019"]
[Site "Sochi"]
[Date "2019.10.15"]
[Round "5.17"]
[White "Potapov, Alexander"]
[Black "Morozevich, Alexander"]
[Result "0-1"]
[WhiteElo "2413"]
[BlackElo "2550"]
[Annotator "TA"]
[PlyCount "58"]
[EventDate "2019.10.15"]
[EventType "swiss"]
[EventCountry "RUS"]
[SourceTitle "playchess.com"]
[Source "ChessBase"]
[SourceQuality "1"]

{[%evp 10,58,39,18,20,20,21,15,18,0,4,-15,0,0,0,0,0,0,9,-66,-49,-175,-162,-161,-97,-102,-89,-246,-232,-328,-236,-233,-231,-227,-233,-249,-262,-260,-257,-309,-301,-337,-336,-327,-318,-408,-408,-763,-757,-801,-808]} 1. d4 d5 2. c4 Nc6 3. Nf3 Bg4 4. Nc3 e6 5. e3 Bb4 6. Bd2 Nf6 {D07: Queen's Gambit: Chigorin Defence} 7. h3 Bh5 8. cxd5 exd5 {The position is equal.} 9. Bb5 O-O 10. Bxc6 $146 ({Predecessor:} 10. g4 Bg6 11. Bxc6 bxc6 12. Ne5 c5 13. O-O cxd4 14. exd4 Bxc3 15. Bxc3 {½-½ (40) Franic,M (2390)-Fercec,N (2504) Pula 2005}) 10... bxc6 {[%cal Bb7c6,Bc6c5][%mdl 32]} 11. Qa4 c5 12. Ne5 Bxc3 13. Bxc3 Ne4 14. g4 (14. Nd3 $11) 14... Bg6 $15 {And now ...cxd4 would win.} 15. Rh2 ({Better is} 15. Qc6 $15) 15... cxd4 $19 16. exd4 Re8 ({Black should play} 16... Nxc3 $19 17. bxc3 Qd6) 17. Kf1 $17 c5 18. f3 $2 (18. Rd1 $17) 18... Qf6 $19 19. Kg2 (19. Kg1 $142 Rxe5 20. Rf1 Nxc3 21. dxe5 Nxa4 22. exf6) 19... Qf4 20. Be1 {[#]} Rab8 $1 21. Qc2 Ng5 ({Less strong is} 21... cxd4 22. Nxg6 hxg6 23. fxe4 $15) 22. Qd2 Qxd4 23. Qxd4 cxd4 24. Nxg6 Rxb2+ ({Weaker is} 24... hxg6 25. b3 $17) 25. Bf2 hxg6 26. Kg3 Ree2 27. Rd1 Ne6 28. a4 (28. h4 $142) 28... g5 29. a5 a6 {Accuracy: White = 24%, Black = 82%.} 0-1

[Event "RUS-ch Men Rapid 2019"]
[Site "Sochi"]
[Date "2019.10.15"]
[Round "5.18"]
[White "Shcherbin, Matvei"]
[Black "Papin, Vasily"]
[Result "1/2-1/2"]
[WhiteElo "2366"]
[BlackElo "2541"]
[Annotator "ChessBase"]
[PlyCount "39"]
[EventDate "2019.10.15"]
[EventType "swiss"]
[EventCountry "RUS"]
[SourceTitle "playchess.com"]
[Source "ChessBase"]
[SourceQuality "1"]
[TimeControl "900+10"]

1. e4 {[%emt 0:00:00]} c5 {[%emt 0:00:00]} 2. c3 {[%emt 0:00:00]} Nf6 {[%emt 0:00:00]} 3. e5 {[%emt 0:00:00]} Nd5 {[%emt 0:00:00]} 4. d4 {[%emt 0:00:00]} cxd4 {[%emt 0:00:00]} 5. Nf3 {[%emt 0:00:00]} Nc6 {[%emt 0:00:40]} 6. cxd4 {[%emt 0:00:00]} d6 {[%emt 0:00:01]} 7. Bc4 {[%emt 0:00:03]} Nb6 {[%emt 0:00:01]} 8. Bb5 {[%emt 0:00:02]} Bd7 {[%emt 0:00:02]} 9. Nc3 {[%emt 0:00:01]} dxe5 {[%emt 0:01:49]} 10. Nxe5 {[%emt 0:00:02]} Nxe5 {[%emt 0:01:04]} 11. dxe5 {[%emt 0:00:02]} Bxb5 {[%emt 0:00:56]} 12. Nxb5 {[%emt 0:00:02]} a6 {[%emt 0:00:51]} 13. Be3 {[%emt 0:02:50]} Qxd1+ {[%emt 0:01:13]} 14. Rxd1 {[%emt 0:00:07]} axb5 {[%emt 0:00:12]} 15. Bxb6 {[%emt 0:00:02]} e6 {[%emt 0:00:16]} 16. Ke2 {[%emt 0:01:07]} Be7 {[%emt 0:00:26]} 17. a3 {[%emt 0:00:32]} f6 {[%emt 0:03:18]} 18. exf6 {[%emt 0:01:10]} Bxf6 {[%emt 0:00:10]} 19. Rd2 {[%emt 0:02:54]} Rc8 {[%emt 0:00:57]} 20. Rhd1 {[%emt 0:01:01]} 1/2-1/2